000 00319 a2200109 4500
001 ART_33049
005 20260410161926.0
008 260409a
245 1 0 _aEficacia en los mercados de futuros sobre hidrocarburos
100 1 _aAbriata, Bruno
773 0 _tLecturas
_g- NÂș 13 (ene. 2009)
_wREV19328
999 _c28182
_d28182